|
|
|
|
| LEADER |
01289nam a22003017a 4500 |
| 001 |
27621 |
| 003 |
BD-DhAAL |
| 005 |
20131001151156.0 |
| 008 |
131001s2013 enkab b 001 0 eng |
| 010 |
|
|
|a 2009280434
|
| 020 |
|
|
|a 9780198519706 (hbk.)
|
| 020 |
|
|
|a 9780199673773
|
| 020 |
|
|
|a 0198519702 (hbk.)
|
| 040 |
|
|
|a UKM
|c UKM
|d BTCTA
|d BAKER
|d YDXCP
|d OCLCG
|d BWKUK
|d BWK
|d CDX
|d DLC
|d BD-DHAAL
|
| 050 |
0 |
0 |
|a QC793.5.N4628
|b W545 2009
|
| 082 |
0 |
4 |
|a 539.7213
|2 22
|
| 100 |
1 |
|
|a Willis, B. T. M.
|q (Bertram Terence Martin)
|9 3385
|
| 245 |
1 |
0 |
|a Experimental neutron scattering /
|c B.T.M. Willis, C.J. Carlile.
|
| 260 |
|
|
|a Oxford ;
|a New York :
|b Oxford University Press,
|c 2013.
|
| 300 |
|
|
|a xii, 325 p. :
|b ill., maps ;
|c 26 cm.
|
| 504 |
|
|
|a Includes bibliographical references and index.
|
| 541 |
|
|
|e 27621, 27622
|
| 650 |
|
0 |
|a Neutrons
|x Scattering.
|9 2522
|
| 700 |
1 |
|
|a Carlile, C. J.
|9 3386
|
| 942 |
|
|
|2 ddc
|c BK
|
| 999 |
|
|
|c 14051
|d 14051
|
| 952 |
|
|
|0 0
|1 0
|2 ddc
|4 0
|6 539_721300000000000_WIL
|7 0
|9 23569
|a BRACUL
|b BRACUL
|c GEN
|d 2013-10-01
|e Trim Education
|g 4710.00
|l 0
|o 539.7213 WIL
|p 3010027621
|r 2013-10-01
|t 1
|w 2013-10-01
|y BK
|
| 952 |
|
|
|0 0
|1 0
|2 ddc
|4 0
|6 539_721300000000000_WIL
|7 0
|9 23570
|a BRACUL
|b BRACUL
|c GEN
|d 2013-10-01
|e Trim Education
|g 4710.00
|l 0
|o 539.7213 WIL
|p 3010027622
|r 2013-10-01
|t 2
|w 2013-10-01
|y BK
|